| 000 | 00531nam a2200169 a 4500 | ||
|---|---|---|---|
| 001 | 9213 | ||
| 003 | CO-ViMGA | ||
| 008 | 141112s2004 ck r 000 u spa d | ||
| 040 |
_aCO-ViMGA _bspa _cCO-ViMGA |
||
| 082 | 0 | 4 | _a005.8 R263 |
| 100 | 1 |
_aRaya Cabrera ; Jose Luis _99783 |
|
| 245 | 1 | 0 |
_aNovell Netware 4 : _binstalación, configuración y administración. |
| 260 |
_awilmintog : _bAddison werley IberoAméricana, _c1994 |
||
| 300 | _a314p. : il. | ||
| 650 | 1 | 4 |
_aRED LOCAL CONFIGURACION DE LA RED NETWARE _99784 |
| 942 |
_2ddc _cBK |
||
| 999 |
_c20752 _d20752 |
||